Differences between intervention and collective action. (Record no. 51596)
[ view plain ]
| 000 -LEADER | |
|---|---|
| fixed length control field | 00799cam a22002291 4500 |
| 001 - CONTROL NUMBER | |
| control field | pa 66000125 |
| 003 - CONTROL NUMBER IDENTIFIER | |
| control field | DLC |
| 005 - DATE AND TIME OF LATEST TRANSACTION | |
| control field | 20260227111857.0 |
| 008 - FIXED-LENGTH DATA ELEMENTS--GENERAL INFORMATION | |
| fixed length control field | 780328s1966 dcu 000 0 eng c |
| 010 ## - LIBRARY OF CONGRESS CONTROL NUMBER | |
| LC control number | pa 66000125 |
| 040 ## - CATALOGING SOURCE | |
| Original cataloging agency | Pan American Union. Library |
| Transcribing agency | WMaUCS |
| Modifying agency | DLC |
| 043 ## - GEOGRAPHIC AREA CODE | |
| Geographic area code | s------ |
| -- | n------ |
| 110 2# - MAIN ENTRY--CORPORATE NAME | |
| Corporate name or jurisdiction name as entry element | Inter-American Juridical Committee. |
| 245 10 - TITLE STATEMENT | |
| Title | Differences between intervention and collective action. |
| 260 ## - PUBLICATION, DISTRIBUTION, ETC. | |
| Place of publication, distribution, etc. | Washington, |
| Name of publisher, distributor, etc. | Pan American Union, |
| Date of publication, distribution, etc. | 1966. |
| 300 ## - PHYSICAL DESCRIPTION | |
| Extent | iii, 31 p. |
| Dimensions | 28 cm. |
| 490 1# - SERIES STATEMENT | |
| Series statement | OEA/ser.I/VI.2 (English) CIJ-81 |
| 650 #0 - SUBJECT ADDED ENTRY--TOPICAL TERM | |
| Topical term or geographic name entry element | Intervention (International law) |
| 651 #0 - SUBJECT ADDED ENTRY--GEOGRAPHIC NAME | |
| Geographic name | America |
| General subdivision | Defenses |
| 810 2# - SERIES ADDED ENTRY--CORPORATE NAME | |
| Corporate name or jurisdiction name as entry element | Organization of American States. |
| Title of a work | Official records. |
| Volume/sequential designation | OEA/ser.I/VI.2. |
| 810 2# - SERIES ADDED ENTRY--CORPORATE NAME | |
| Corporate name or jurisdiction name as entry element | Inter-American Council of Jurists. |
| Title of a work | CIJ, English, |
| Volume/sequential designation | 81. |
No items available.